Soccer Logos By Letter - A - Statistics

General Stats
  • This quiz has been taken 2,141 times
    700 since last reset
  • The average score is 16 of 22
Answer Stats
Picture Answer % Correct
Ajax
97%
Arsenal
97%
Aston Villa
97%
Atlético Madrid
95%
Atalanta
92%
Argentina
90%
Athletic Club
90%
Al Nassr
85%
Atlanta United
81%
Austria
78%
Anderlecht
76%
AZ Alkmaar
76%
AEK Athens
75%
Augsburg
72%
Alaves
71%
Auxerre
61%
Aberdeen
58%
APOEL
53%
Al Ahly
52%
Algeria
49%
AIK
47%
Atlético Mineiro
43%
No matching quizzes found
Score Distribution
Percent of People with Each Score
Percentile by Number Answered
Your Score History
You have not taken this quiz since the last reset